| Tag |
First Indicator |
Second Indicator |
Subfields |
| LEADER |
00000cam a2200000 a 4500 |
| 001 |
in00001334321 |
| 005 |
20151006050524.0 |
| 008 |
961007s1996 nyua e 000 0 eng d |
| 010 |
|
|
|a 96210938
|
| 020 |
|
|
|a 051770448X
|
| 035 |
|
|
|a (OCoLC)35691438
|
| 035 |
|
|
|9 AHF0225AM
|
| 040 |
|
|
|a ODa
|c DLC
|d TXA
|d UtOrBLW
|
| 042 |
|
|
|a lccopycat
|
| 049 |
|
|
|a TXAM
|
| 050 |
0 |
0 |
|a PR2892
|b .H55 1996
|
| 082 |
0 |
0 |
|a 822.3/3
|2 21
|
| 090 |
|
|
|a PR2892
|b .H57 1996
|
| 100 |
1 |
|
|a Shakespeare, William,
|d 1564-1616.
|
| 245 |
1 |
0 |
|a Shakespeare's insults for teachers /
|c [compiled by] Wayne F. Hill and Cynthia J. Öttchen ; illustrations by Tom Lulevitch.
|
| 250 |
|
|
|a 1st ed.
|
| 264 |
|
1 |
|a New York :
|b Clarkson Potter,
|c [1996]
|
| 264 |
|
4 |
|c ©1996
|
| 300 |
|
|
|a 80 pages :
|b illustrations ;
|c 17 cm.
|
| 336 |
|
|
|a text
|b txt
|2 rdacontent
|
| 337 |
|
|
|a unmediated
|b n
|2 rdamedia
|
| 338 |
|
|
|a volume
|b nc
|2 rdacarrier
|
| 600 |
1 |
0 |
|a Shakespeare, William,
|d 1564-1616
|v Quotations.
|
| 650 |
|
0 |
|a Teachers
|v Quotations.
|
| 650 |
|
0 |
|a Students
|x Quotations.
|
| 650 |
|
0 |
|a Parents
|x Quotations.
|
| 650 |
|
0 |
|a Quotations, English.
|
| 700 |
1 |
|
|a Hill, Wayne F.
|
| 700 |
1 |
|
|a Öttchen, Cynthia J.
|
| 999 |
|
|
|a MARS
|
| 999 |
f |
f |
|s 6537f1a9-7efc-3730-87dc-70b9c3d64bc8
|i 9daafc09-74d3-30a8-9e10-c361b342c62e
|t 0
|
| 952 |
f |
f |
|p normal
|a Texas A&M University
|b College Station
|c Sterling C. Evans Library
|d Evans: Library Stacks
|t 0
|e PR2892 .H57 1996
|h Library of Congress classification
|i unmediated -- volume
|m A14820982253
|
| 998 |
f |
f |
|a PR2892 .H57 1996
|t 0
|l Evans: Library Stacks
|